| 000 | 00436cam a2200181ua 4500 | ||
|---|---|---|---|
| 020 | _c1.50 | ||
| 041 |
_ahin _h |
||
| 082 |
_a891.54 _bCHA/EK |
||
| 100 | _aChandra Narayan, Hari . | ||
| 245 |
_aEkanki panchami / _cChandra Narayan Hari. _hTextual Documents |
||
| 250 |
_a1 / _b. |
||
| 260 |
_aAgra : _bPradeep Prakashan , _c1966. |
||
| 300 | _a102 ; . | ||
| 365 | _a1.50 | ||
| 504 | _a | ||
| 942 | _cBK | ||
| 999 |
_c8046 _d8046 |
||